Personnages de Harry Potter présents dans le plus de films - Statistiques

Statistiques générales
  • Ce quiz a été pris 508 fois
  • Le résultat moyen est 25 sur 34
Statistiques - réponses
Hint Réponse % Correct
8 Harry Potter
100%
8 Hermione Granger
100%
8 Ron Weasley
100%
8 Albus Dumbledore
99%
8 Severus Rogue
94%
7 Lord Voldemort
93%
7 Minerva McGonagall
93%
8 Fred Weasley
92%
8 Rubeus Hagrid
91%
8 George Weasley
90%
8 Ginny Weasley
90%
8 Drago Malefoy
89%
8 Neville Londubat
88%
7 Molly Weasley
84%
7 Arthur Weasley
80%
5 Remus Lupin
80%
6 Lucius Malefoy
73%
5 Katie Bell
71%
8 Gregory Goyle
69%
5 Cho Chang
68%
6 Vincent Crabbe
67%
6 Percy Weasley
66%
8 Seamus Finnigan
66%
7 James Potter
64%
8 Lily Potter
64%
7 Dean Thomas
63%
5 Dudley Dursley
63%
6 Petunia Dursley
61%
5 Vernon Dursley
59%
7 Filius Flitwick
56%
6 Peter Pettigrow
53%
7 Argus Rusard
47%
8 Pansy Parkinson
30%
6 Padma Patil
25%
Aucun quiz correspondant
Distribution des résultats
% des personnes avec chaque résultat
Percentile par nombre de réponses
Votre historique - résultats
Vous n’avez pas pris ce quiz